<?xml version="1.0" encoding="UTF-8"?><?xml-stylesheet type="text/xsl" href="static/style.xsl"?><OAI-PMH xmlns="http://www.openarchives.org/OAI/2.0/" xmlns:xsi="http://www.w3.org/2001/XMLSchema-instance" xsi:schemaLocation="http://www.openarchives.org/OAI/2.0/ http://www.openarchives.org/OAI/2.0/OAI-PMH.xsd"><responseDate>2026-04-14T06:26:28Z</responseDate><request verb="GetRecord" identifier="oai:www.recercat.cat:10230/21254" metadataPrefix="marc">https://recercat.cat/oai/request</request><GetRecord><record><header><identifier>oai:recercat.cat:10230/21254</identifier><datestamp>2025-12-22T13:42:34Z</datestamp><setSpec>com_2072_6</setSpec><setSpec>col_2072_452952</setSpec></header><metadata><record xmlns="http://www.loc.gov/MARC21/slim" xmlns:dcterms="http://purl.org/dc/terms/" xmlns:xsi="http://www.w3.org/2001/XMLSchema-instance" xmlns:doc="http://www.lyncode.com/xoai" xsi:schemaLocation="http://www.loc.gov/MARC21/slim http://www.loc.gov/standards/marcxml/schema/MARC21slim.xsd">
   <leader>00925njm 22002777a 4500</leader>
   <datafield ind2=" " ind1=" " tag="042">
      <subfield code="a">dc</subfield>
   </datafield>
   <datafield ind2=" " ind1=" " tag="720">
      <subfield code="a">Padró, Muntsa</subfield>
      <subfield code="e">author</subfield>
   </datafield>
   <datafield ind2=" " ind1=" " tag="720">
      <subfield code="a">Bel Rafecas, Núria</subfield>
      <subfield code="e">author</subfield>
   </datafield>
   <datafield ind2=" " ind1=" " tag="720">
      <subfield code="a">Garí Soler, Aina</subfield>
      <subfield code="e">author</subfield>
   </datafield>
   <datafield ind2=" " ind1=" " tag="260">
      <subfield code="c">2013-11-08T08:49:21Z</subfield>
   </datafield>
   <datafield ind2=" " ind1=" " tag="260">
      <subfield code="c">2013-11-08T08:49:21Z</subfield>
   </datafield>
   <datafield ind2=" " ind1=" " tag="260">
      <subfield code="c">2013</subfield>
   </datafield>
   <datafield ind2=" " ind1=" " tag="520">
      <subfield code="a">En este artículo presentamos los resultados de nuestros experimentos en producción automática de léxicos con información de patrones de subcategorización verbal para castellano. La investigación se llevó a cabo en el marco del proyecto PANACEA de adquisición automática de información léxica que redujera al máximo la intervención humana. En nuestros experimentos, se utilizó una cadena de diferentes herramientas que incluía ‘crawling’ de textos de un dominio particular, normalización y limpieza de los textos, segmentación, identificación de unidades, etiquetado categorial y análisis de dependencias antes de, finalmente, la extracción de los patrones de subcategorización. Los resultados obtenidos muestran una gran dependencia de la calidad de los analizadores de dependencias aunque, no obstante, están en línea con los resultados obtenidos en experimentos similares para otras lenguas.</subfield>
   </datafield>
   <datafield ind2=" " ind1=" " tag="520">
      <subfield code="a">In this paper we present the results of our experiments in automatic production of verb subcategorization frame lexica for Spanish. The work was carried out in the framework of the PANACEA project aiming at the automatic acquisition of lexical information reducing at maximum human intervention. In our experiments, a chain of different tools was used: domain focused web crawling, automatic cleaning, segmentation and tokenization, PoS tagging, dependency parsing and finally SCFs extraction. The obtained results show a high dependency on the quality of the results of the intervening components, in particular of the dependency parsing, which is the focus of this paper. Nevertheless, the results achieved are in line with the state-of-the-art for other languages in similar experiments.</subfield>
   </datafield>
   <datafield ind2=" " ind1=" " tag="520">
      <subfield code="a">This work was funded by the European Project PANACEA (FP7-ICT-2010-248064).</subfield>
   </datafield>
   <datafield tag="653" ind2=" " ind1=" ">
      <subfield code="a">Adquisión automática de patrones de subcategorización</subfield>
   </datafield>
   <datafield tag="653" ind2=" " ind1=" ">
      <subfield code="a">Análisis de dependencias</subfield>
   </datafield>
   <datafield tag="653" ind2=" " ind1=" ">
      <subfield code="a">Adquisición léxica</subfield>
   </datafield>
   <datafield tag="653" ind2=" " ind1=" ">
      <subfield code="a">Automatic subcategorization frame acquisition</subfield>
   </datafield>
   <datafield tag="653" ind2=" " ind1=" ">
      <subfield code="a">Dependency parsing</subfield>
   </datafield>
   <datafield tag="653" ind2=" " ind1=" ">
      <subfield code="a">Lexical acquisition</subfield>
   </datafield>
   <datafield ind2="0" ind1="0" tag="245">
      <subfield code="a">Verb SCF extraction for Spanish with dependency parsing = Extracción de patrones de subcategorización de verbos en castellano con análisis de dependencias</subfield>
   </datafield>
</record></metadata></record></GetRecord></OAI-PMH>